Global risks 2011 : an initiative of the risk response network.
| Format: | Book |
|---|---|
| Published: |
Geneva:
World Economic Forum,
2011.
|
| Edition: | 6th ed.. |
| Subjects: |
| LEADER | 00523cam a2200157 7i4500 | ||
|---|---|---|---|
| 001 | 0000027491 | ||
| 005 | 20120120090000.0 | ||
| 090 | 0 | 0 | |a I 332.673 |b GLO |
| 245 | 0 | 0 | |a Global risks 2011 : |b an initiative of the risk response network. |
| 250 | 0 | 0 | |a 6th ed.. |
| 260 | 0 | 0 | |a Geneva: |b World Economic Forum, |c 2011. |
| 300 | # | # | |a 56p. |
| 650 | 0 | 0 | |a Investment, Foreign |
| 650 | 0 | 0 | |a Globalization -- |x Economic aspects |
| 650 | 0 | 0 | |a International finance -- |x Government policy |
| 999 | |a 0000028822 |b Book |c International |e Business Information Centre | ||